Представление документа в формате MARC21

Поле Инд. ПП Название Значение
Тип записи a
Библиографический уровень m
001 Контрольный номер RU/IS/BASE/300970094
005 Дата корректировки 20220801133049.5
040 b Код языка каталог. rus
041 0_ a Код языка текста rus
080 a Индекс УДК 004.42
084 a Индекс другой классификации/Индекс ББК 32.973.202-018.2
090 a Полочн. индекс 681.3
c Каталожный индекс 681.3
x Авторский знак К26
097 b Оператор 11
100 1_ a Автор Карр Д.
245 10 a Заглавие Лекции по программированию
c Ответственность пер. с англ. ; под ред. В. М. Курочкина
260 a Место издания М.
b Издательство Иностранная литература
c Дата издания 1963
300 a Объем 288 с.
510 a Примечание о ссылках Книги и методические пособия
650 a Основная рубрика 50.05 Теоретические основы программирования
x Основная подрубрика 50.05.03 Общетеоретические вопросы программирования
653 a Ключевые слова программирование
901 t Тип документа m